| 000 | 00448nam a2200157Ia 4500 | ||
|---|---|---|---|
| 999 |
_c22338 _d22338 |
||
| 003 | OSt | ||
| 005 | 20200630115516.0 | ||
| 008 | 190216s9999||||xx |||||||||||||| ||und|| | ||
| 040 | _coclc | ||
| 082 |
_a929 _bMOO/M |
||
| 100 |
_aMoothedam, Usman _93350 |
||
| 245 | 0 |
_aMuslim Perukal / _cUsman Moothedam |
|
| 260 |
_bPoomkavanam Books Publishers, _aCalicut; _c2005. |
||
| 300 | _a96p | ||
| 942 |
_cBK _2ddc _h929 _iMOO/M _k929 _mMOO/M |
||